000 01131nac a22003137a 4500
001 BR8800995
003 BR-BrBNA
005 20240105120721.0
008 230509b bl.|||m| |||| 00| 0 por d
040 _aBR-BrBNA
_bpor
_cBiblioteca Nacional de Agricultura
072 _aL01; E16
090 _a9410 BR8800995
100 1 _aPacheco, B.M.
100 1 _aSalgado, M.M.T.
100 1 _aBarbosa, N.A.
100 1 _aDiogo, J.M. da S.
100 1 _aAlencar, J.A. de
110 1 _aEmpresa Capixaba de Pesquisa Agropecuaria, Vitoria, ES (Brasil)
245 1 _aSistema de producao de leite - EMCAPA. Resultados zootecnicos e economicos do terceiro ano (nov. 84 a out. 85)
246 1 _a[Milk production system - EMCAPA - zootechnic and economical results of the 3rd year (nov/84 oct/85)]
260 3 _aVitoria, ES (Brasil):
_c1987.
300 _a31 p.
490 _aDocumentos - Empresa Capixaba de Pesquisa Agropecuaria (Brazil)
_vno. 38
_xISSN 0101-8949
500 _a5 ref.
650 _aPRODUCAO LEITEIRA
650 _aCUSTO DE PRODUCAO
909 _a202312
_bLúcia Elande
_c55
_dLúcia Elande
942 _2AGRIS
_n0
_cMS
999 _c281048
_d281048